书目信息 |
| 题名: |
财务管理与审计统计分析研究
|
|
| 作者: | 鲍秀芝 , 王进 , 杜磊 著 | |
| 分册: | ||
| 出版信息: | 长春 吉林科学技术出版社 2022.08 |
|
| 页数: | 254页 | |
| 开本: | 26cm | |
| 丛书名: | ||
| 单 册: | ||
| 中图分类: | F275 , F239.41 | |
| 科图分类: | ||
| 主题词: | 财务管理--cai wu guan li--研究 , 财务审计--cai wu shen ji--统计分析--研究 | |
| 电子资源: | ||
| ISBN: | 978-7-5578-8821-3 | |
| 000 | 01078nam0 2200289 450 | |
| 001 | CAL 012022026236 | |
| 005 | 20230217093113.0 | |
| 010 | @a978-7-5578-8821-3@dCNY65.00 | |
| 100 | @a20220928d2022 em y0chiy0120 ea | |
| 101 | 0 | @achi |
| 102 | @aCN@b220000 | |
| 105 | @ay a 000yy | |
| 106 | @ar | |
| 200 | 1 | @a财务管理与审计统计分析研究@Acai wu guan li yu shen ji tong ji fen xi yan jiu@f鲍秀芝, 王进, 杜磊著 |
| 210 | @a长春@c吉林科学技术出版社@d2022.08 | |
| 215 | @a254页@d26cm | |
| 320 | @a有书目 (第253-254页) | |
| 330 | @a本书共十二章, 主要内容包括: 财务管理的理论与实施、内部财务审计的基础知识、内部审计的组织模式与人员、内部控制与内部审计、统计调查、统计分析指标、统计指数、筹资管理、投资管理、营运资金管理、长期筹资管理、财政统计。 | |
| 606 | 0 | @a财务管理@Acai wu guan li@x研究 |
| 606 | 0 | @a财务审计@Acai wu shen ji@x统计分析@x研究 |
| 690 | @aF275@v5 | |
| 690 | @aF239.41@v5 | |
| 701 | 0 | @a鲍秀芝@Abao xiu zhi@4著 |
| 701 | 0 | @a王进@Awang jin@4著 |
| 701 | 0 | @a杜磊@Adu lei@4著 |
| 801 | 0 | @aCN@bBJXHZP@c20230228 |
| 905 | @b1386599-602@dF275@e1963@f4 | |
| 财务管理与审计统计分析研究/鲍秀芝, 王进, 杜磊著.-长春:吉林科学技术出版社,2022.08 |
| 254页;26cm |
| ISBN 978-7-5578-8821-3:CNY65.00 |
| 本书共十二章, 主要内容包括: 财务管理的理论与实施、内部财务审计的基础知识、内部审计的组织模式与人员、内部控制与内部审计、统计调查、统计分析指标、统计指数、筹资管理、投资管理、营运资金管理、长期筹资管理、财政统计。 |
| ● |
| 相关链接 |
|
|
|
|
正题名:财务管理与审计统计分析研究
索取号:F275/1963
 
预约/预借
| 序号 | 登录号 | 条形码 | 馆藏地/架位号 | 状态 | 备注 |
| 1 | 1386599 | 213865995 | 第一样本阅览室/ [索取号:F275/1963] | 在馆 | |
| 2 | 1386600 | 213866002 | 第一借阅区/ [索取号:F275/1963] | 在馆 | |
| 3 | 1386601 | 213866011 | 第一借阅区/ [索取号:F275/1963] | 在馆 | |
| 4 | 1386602 | 213866020 | 第一借阅区/ [索取号:F275/1963] | 在馆 |